[Event "Mantova Province-ch"]
[Site "Mantova"]
[Date "2013.03.01"]
[Round "3"]
[White "Bertani, Gianfranco"]
[Black "La Venia, Stefano"]
[Result "1/2-1/2"]
[WhiteElo "2057"]
[BlackElo "2005"]
[PlyCount "104"]
[EventDate "2013.02.15"]
[EventType "swiss"]
[EventRounds "6"]
[EventCountry "ITA"]
[SourceTitle "EXT 2014"]
[Source "ChessBase"]
[SourceDate "2013.11.20"]
[SourceVersion "1"]
[SourceVersionDate "2013.11.20"]
[SourceQuality "1"]

1. d4 d5 2. Nf3 Nf6 3. e3 c5 4. c3 e6 5. Nbd2 Nc6 6. Bd3 Bd6 7. Qe2 0-0 8. 0-0 e5 9. dxe5 Nxe5 10. Nxe5 Bxe5 11. e4 Re8 12. f4 dxe4 13. Bb5 Bg4 14. Qe1 Bc7 15. Bxe8 Qxe8 16. h3 Bd7 17. Nc4 b5 18. Ne3 c4 19. Nc2 Bc6 20. Be3 Nd5 21. Nd4 Bb6 22. Rd1 Bb7 23. Qe2 a5 24. Rfe1 g6 25. Qg4 Kh8 26. Qh4 b4 27. f5 Qe5 28. Bh6 Re8 29. fxg6 fxg6 30. Qg5 Qxg5 31. Bxg5 bxc3 32. bxc3 Nxc3 33. Bf6+ Kg8 34. Rd2 Nd5 35. Rb1 Kf7 36. Rf2 e3 37. Rf3 Nb4 38. Rf4 Nd5 39. Rf3 Kg8 40. Kf1 Ba6 41. Nb5 c3 42. a4 c2 43. Rc1 Nb4 44. Ke2 Rc8 45. Bb2 Na2 46. Rf6 Nxc1+ 47. Bxc1 Bxb5+ 48. axb5 Bd4 49. Rc6 Rb8 50. Rc4 Ba7 51. Rxc2 a4 52. Ra2 Rxb5 1/2-1/2

[Event "Mantova Province-ch"]
[Site "Mantova"]
[Date "2013.02.22"]
[Round "2"]
[White "La Venia, Stefano"]
[Black "Beltrami, Nerio"]
[Result "1-0"]
[WhiteElo "2005"]
[BlackElo "1907"]
[PlyCount "71"]
[EventDate "2013.02.15"]
[EventType "swiss"]
[EventRounds "6"]
[EventCountry "ITA"]
[SourceTitle "EXT 2014"]
[Source "ChessBase"]
[SourceDate "2013.11.20"]
[SourceVersion "1"]
[SourceVersionDate "2013.11.20"]
[SourceQuality "1"]

1. e4 d6 2. d4 g6 3. Nc3 Bg7 4. Be3 c6 5. Qd2 b5 6. Bd3 Bb7 7. f3 Nd7 8. Nce2 Ngf6 9. h4 a6 10. c3 c5 11. Bh6 Bxh6 12. Qxh6 cxd4 13. cxd4 Qa5+ 14. Nc3 b4 15. Nce2 Rc8 16. b3 Qa3 17. Qd2 0-0 18. Nh3 Kg7 19. Nf2 h5 20. Rd1 Qa5 21. f4 e6 22. Rg1 Rfe8 23. e5 dxe5 24. fxe5 Nh7 25. Nf4 Rcd8 26. Nxh5+ gxh5 27. Bxh7 Kxh7 28. Qg5 Rg8 29. Qxh5+ Kg7 30. Ng4 Kf8 31. Rf1 f5 32. Qh6+ Kf7 33. Qh7+ Ke8 34. Qxg8+ Ke7 35. Qg7+ Ke8 36. Nf6+ 1-0

[Event "Mirandola Giovanni Pico op 4th"]
[Site "Mirandola"]
[Date "2011.01.16"]
[Round "4"]
[White "La Venia, Stefano"]
[Black "Dionigi, Riccardo"]
[Result "1/2-1/2"]
[WhiteElo "2041"]
[BlackElo "1818"]
[PlyCount "72"]
[EventDate "2011.01.14"]
[EventType "swiss"]
[EventRounds "5"]
[EventCountry "ITA"]
[SourceTitle "EXT 2012"]
[Source "ChessBase"]
[SourceDate "2011.11.24"]
[SourceVersion "1"]
[SourceVersionDate "2011.11.24"]
[SourceQuality "1"]

1. e4 e5 2. Bc4 Nf6 3. Nc3 Bc5 4. Nf3 Nc6 5. d3 d6 6. h3 Be6 7. Nd5 Bxd5 8. exd5 Nd4 9. c3 Nxf3+ 10. Qxf3 0-0 11. Bg5 Qe7 12. 0-0-0 Rfb8 13. d4 exd4 14. cxd4 Bb4 15. Bd3 c6 16. Qf5 h6 17. h4 Qd7 18. Bxf6 Qxf5 19. Bxf5 gxf6 20. a3 Ba5 21. b4 Bc7 22. Be4 cxd5 23. Bxd5 Bb6 24. Kb2 Re8 25. Bxb7 Re2+ 26. Kc3 Rb8 27. Bd5 Rc8+ 28. Kd3 Rxf2 29. b5 Rcc2 30. Rhf1 Ba5 31. Rxf2 Rxf2 32. Ke3 Rb2 33. Rf1 Kg7 34. Bc6 Rb3+ 35. Ke4 Rxa3 36. Kd5 Rd3 1/2-1/2

[Event "Mirandola Giovanni Pico 3rd"]
[Site "Mirandola"]
[Date "2010.01.16"]
[Round "2"]
[White "La Venia, Stefano"]
[Black "Guzzetti, Luigi Enrico"]
[Result "1-0"]
[WhiteElo "2056"]
[BlackElo "1887"]
[PlyCount "61"]
[EventDate "2010.01.15"]
[EventType "swiss"]
[EventRounds "5"]
[EventCountry "ITA"]
[SourceTitle "EXT 2024"]
[Source "ChessBase"]
[SourceDate "2023.10.10"]
[SourceVersion "1"]
[SourceVersionDate "2023.10.10"]
[SourceQuality "1"]

1. e4 c5 2. Ne2 e6 3. g3 Nc6 4. Bg2 Nf6 5. 0-0 Be7 6. c3 0-0 7. d4 d5 8. exd5 Nxd5 9. dxc5 Bxc5 10. Nd2 Ne5 11. Ne4 Bb6 12. b3 Bd7 13. Ba3 f5 14. Bxf8 fxe4 15. c4 Qxf8 16. cxd5 Nf3+ 17. Kh1 e5 18. Nc3 Qf5 19. Nxe4 Nd4 20. a4 a6 21. Rc1 Rf8 22. f4 exf4 23. Rxf4 Qe5 24. Rxf8+ Kxf8 25. Qf1+ Kg8 26. Qc4 Bf5 27. Rf1 h5 28. Ng5 h4 29. d6+ Ne6 30. Qc8+ Nf8 31. Rxf5 1-0

[Event "Mirandola Giovanni Pico 3rd"]
[Site "Mirandola"]
[Date "2010.01.15"]
[Round "1"]
[White "Menini, Luca"]
[Black "La Venia, Stefano"]
[Result "0-1"]
[WhiteElo "1681"]
[BlackElo "2056"]
[PlyCount "64"]
[EventDate "2010.01.15"]
[EventType "swiss"]
[EventRounds "5"]
[EventCountry "ITA"]
[SourceTitle "EXT 2024"]
[Source "ChessBase"]
[SourceDate "2023.10.10"]
[SourceVersion "1"]
[SourceVersionDate "2023.10.10"]
[SourceQuality "1"]

1. e4 e5 2. Nf3 Nf6 3. Nxe5 d6 4. Nf3 Nxe4 5. d4 d5 6. c4 Bb4+ 7. Bd2 Nxd2 8. Nbxd2 0-0 9. Be2 dxc4 10. 0-0 b5 11. a4 c6 12. Ne4 Be6 13. Nc3 Nd7 14. d5 cxd5 15. Nxd5 Bxd5 16. Qxd5 Nb6 17. Qxb5 a5 18. Rfd1 Qf6 19. Kf1 Rfc8 20. Qe5 Qxe5 21. Nxe5 c3 22. bxc3 Bxc3 23. Rab1 Nxa4 24. Bb5 Bxe5 25. Bxa4 Rc7 26. Rd5 f6 27. Rbd1 Kf7 28. Rb5 Re7 29. Rdd5 g5 30. Rxa5 Rxa5 31. Rxa5 Bc3 32. Bb3+ Kg7 0-1

[Event "Trento op"]
[Site "Trento"]
[Date "2008.03.29"]
[Round "3"]
[White "Mukic, Josko"]
[Black "La Venia, Stefano"]
[Result "1-0"]
[WhiteElo "2337"]
[BlackElo "1754"]
[PlyCount "73"]
[EventDate "2008.03.28"]
[EventType "swiss"]
[EventRounds "5"]
[EventCountry "ITA"]
[SourceTitle "EXT 2011"]
[Source "ChessBase"]
[SourceDate "2010.11.26"]
[SourceVersion "1"]
[SourceVersionDate "2010.11.26"]
[SourceQuality "1"]

1. d4 d5 2. Bf4 Nf6 3. e3 Bg4 4. f3 Bf5 5. c4 e6 6. Qb3 Qc8 7. Nc3 c6 8. g4 Bg6 9. h4 h6 10. Rc1 Qd7 11. cxd5 Nxd5 12. Nxd5 exd5 13. Bh3 Qe7 14. h5 Qb4+ 15. Qxb4 Bxb4+ 16. Kf2 Bd3 17. Ne2 Nd7 18. Nc3 Nb6 19. Rhd1 Ba6 20. Bf1 Bxf1 21. Kxf1 0-0 22. Ne2 Rae8 23. Kf2 Be7 24. Ng3 Bg5 25. Bxg5 hxg5 26. b3 Re6 27. e4 Rfe8 28. a4 dxe4 29. fxe4 Rf6+ 30. Kg2 Rf4 31. a5 Nc8 32. a6 Ne7 33. axb7 Rb8 34. d5 cxd5 35. exd5 Rxb7 36. d6 Rxg4 37. d7 1-0

[Event "Trento op"]
[Site "Trento"]
[Date "2008.03.28"]
[Round "1"]
[White "Taufer, Marco"]
[Black "La Venia, Stefano"]
[Result "0-1"]
[WhiteElo "1416"]
[BlackElo "1754"]
[PlyCount "62"]
[EventDate "2008.03.28"]
[EventType "swiss"]
[EventRounds "5"]
[EventCountry "ITA"]
[SourceTitle "EXT 2011"]
[Source "ChessBase"]
[SourceDate "2010.11.26"]
[SourceVersion "1"]
[SourceVersionDate "2010.11.26"]
[SourceQuality "1"]

1. d4 d5 2. c4 Nc6 3. Nf3 e6 4. Nc3 Nf6 5. Bg5 Be7 6. e3 a6 7. c5 0-0 8. Bd3 Re8 9. 0-0 h6 10. Bh4 b5 11. cxb6 cxb6 12. a3 b5 13. b4 Bb7 14. Rc1 e5 15. dxe5 Ng4 16. Bxe7 Rxe7 17. e6 fxe6 18. Qb3 Nge5 19. Nxe5 Nxe5 20. Rcd1 Rc8 21. f4 Nc4 22. Bxc4 Rxc4 23. Ne2 Rec7 24. Nd4 Rc3 25. Qb2 Rxe3 26. Rfe1 Rxe1+ 27. Rxe1 Re7 28. Nxe6 Qb6+ 29. Kf1 Rxe6 30. Re5 Qc6 31. Qe2 Qc1+ 0-1